02728nkc a2200373za 450000100060000000300040000600500170001000700070002700800410003404000240007510000410009924500520014026000240019230001000021650003710031650001920068750000650087950001340094450001690107850400520124750500500129951001510134951002100150056101300171061000510184065100260189165500400191770000600195785200120201785601500202994200250217995201330220499900170233784473OSt20260319103134.0kh boc250410s19101911sp ||||| ||||||0| i|spa d aM-RABAbspacM-RABA1 aElorza, Lorenzod(1861-1931)911106810aHueto Arribab: Interior de la iglesiac/ L. E. c[ca. 1910 – 1911] a1 fotografíab: gelatina de platac; imagen 12 x 16,5 cmc; soporte secundario 21,5 x 26,5 cm aVista interior de la iglesia parroquial de la Natividad, en Hueto Arriba, desde la nave central se aprecian los dos arcos ojivales que apean la bóveda. Bajo la línea de imposta queda el muro fabricado en sillería. El presbiterio queda separado del resto de la iglesia por una balaustrada, junto a la que se levanta el púlpito. Al fondo queda el altar mayor.  aFotografía montada sobre soporte secundario de cartulina azul enmarcada con orla en relieve. Título y numeración manuscrita que hace referencia a la posición en la serie “91”. aSello con monograma del fotógrafo en tinta roja “L.E.” aFechas tomadas de la ejecución del positivo de las fotografías, incluido el soporte secundario. (Soto Madrazo, Javier. 2008). aForma parte de un conjunto de 167 fotografías empleadas por Federico Baráibar Zumárraga para la elaboración del Inventario del Románico en Álava (1911). aBaraibar, F.: "Rincones artísticos", M. 1914. aHueto arriba.- Interior de la Iglesia / L. E. aDescripción tomada de: Soto Madrazo, Javier (2008). Federico Baraibar y el Inventario del Románico en Álava: una caja con 167 fotografías. aEsta colección fue utilizada posteriormente por Cristóbal de Castro para la elaboración y publicación del "Catálogo Monumental de España: provincia de Álava", Madrid, S. de Rivadeneira, 1915. aDonadas junto con la memoria manuscrita a la Academia por el mismo Baraibar (Sesión 12 de febrero de 1912, Archivo: 4-32-1)24aIglesia de la Natividad (Hueto Arriba)9111624 7aÁlava2embne975661 0aFotografías de monumentos91115801 aBaráibar y Zumárraga, Federico d(1851-1918)912926 jFot-200 3Fot-200uhttps://archivoybiblioteca.realacademiabellasartessanfernando.com/cgi-bin/koha/opac-retrieve-file.pl?id=38ee680cbbfa87b165b708e9b3e6852c 2ddccFOTOGRAFÍAn0 00102ddc40708FOTOGRAFIAaRABASFbRABASFcDP2d2025-04-10l0oFot-200p1095349r2025-04-10 13:46:23w2025-04-10yFOTOGRAFÍA c84473d84473